Name All Types of ARC in ARC Raiders - Statistics

General Stats
  • This quiz has been taken 51 times
  • The average score is 15 of 17
Answer Stats
Hint Answer % Correct
Will bring other types of flying ARC to a raider's location if it sees them Snitch
98%
Flying ARC, shoots bullets Wasp
98%
Flying ARC, shoots debilitating shocks Hornet
96%
Large, fires gatling-gun rounds at raiders Bastion
93%
Rolls towards raiders and explodes near them Pop
93%
Hides in dark corners and jumps on raiders' faces Tick
93%
Guards harvesters, fires mortars and laser beams The Queen
91%
Colossal ARC machine, has missile swarm and leg stomp attacks Matriarch
89%
Large flying ARC, fires missiles at raiders Rocketeer
89%
Blasts bullets in all directions, plentiful on Stella Montis night raids Shredder
89%
Rolls towards raiders and blasts them with fire Fireball
87%
Jumps at raiders and tries to land on them once aggrevated Leaper
87%
Sits on walls and fires bullets at raiders Turret
87%
Finds targets for above Spotter
80%
Rolls around and shoots blue laser into the sky, can damage raiders by rolling into them Surveyor
80%
Fires mortar rounds at raiders once a target has been found Bombardier
76%
Sits on buildings and ledges and fires bullets at raiders Sentinel
76%
No matching quizzes found
Score Distribution
Percent of People with Each Score
Percentile by Number Answered
Your Score History
You have not taken this quiz